000 01001cam a2200217 4500
001 WB@3612-237
008 040707n2004 000 0 eng u
035 _a(Sirsi) u126735
245 _aIndex of production
260 _c2004
490 _aNational Statistics Press Release
_v 6 July 2004 (2)
520 _aLatest Office of National Statistics "Index of production" shows further signs of the recovery in manufacturing as output increased by 0.4% in the three months to May compared with the three months to February. Significant increases were seen in the transport equipment industries, where output increased by 1.8%, and the machinery and equipment industries where output increased by 2.5%. ONS press release http://www.statistics.gov.uk/cci/nugget.asp?id=198 .
590 _aWB
590 _aWB
650 _aMANUFACTURING INDUSTRY
650 _aMANUFACTURING OUTPUT
650 _aPRODUCTION SECTOR
650 _aPLANT AND MACHINERY
690 _aECONOMIC ISSUES
942 _n0
999 _c117668
_d117668